000 00615nam a2200241Ia 4500
003 OSt
005 20221005131553.0
006 a|||||r|||| 00| 0
007 ta
008 221004b |||||||| |||| 00| 0 san d
024 _a53932
037 _cTextual
040 _aCRL
_cCRL
_bsan
041 _2san
_asan
082 _aO15,1B2, 32J1.1-.6
100 _aPillai Balakrishna
245 0 _aSri mahabharatham
260 _c1951
300 _a135p.
_ccm.
650 _aSANSKRIT LITERATURE
942 _hO15,1B2, 32J1.1-.6
_cTEXL
_2cc
999 _c1060755
_d1060755